000 00747nam a22002657a 4500
001 7135
003 FISKH
005 20250626084131.0
008 250625b cb ||||| |||| 00| 0 eng d
020 _a9788956355146
040 _aFISKH
_beng
_cFISKH
_dFISKH
050 _aPZ7
082 _a800
100 _aSormark , Julie
245 _aThe happy prince /
_cRetold by Julie Sormark : through the Art style of Ernst Kirchner
260 _aSeoul :
_be-future ,
_c2010.
300 _a35 pages :
_bcolor illustrations ;
_c23 cm.
490 _aArt classic stories
505 _aJ
521 8 _a490
_bLexile estimate
521 8 _aJ
_bRaz-Plus
700 _aYim , Juyeon
_eIllustrator
942 _2ddc
_cBK
_n0
999 _c7135
_d7135